000 00495nam a22001697a 4500
999 _c524338
_d524338
003 NUST
038 _awaseem
082 _a915.89903
_bNAS
100 _aNaseer, Sawira
_915158
245 _aGarailo Tootkay K Encyclopedia /
_cSawira Naseer
260 _aLahore :
_bSawira Publications,
_c2016.
300 _a208 p. ;
500 _aHardcover.
880 _6100-01\r
_aسویرا نصیر
880 _6245-02\r
_aگھریلو ٹوٹکوں کا انسائیکلو پیڈیا /
942 _2ddc
_cBK